00438nam a2200145Ia 4500003000900000008004100009020001800050040001600068080001700084100002300101245009200124260004800216300001400264650001400278IN-BaIIA211028s9999 xx 000 0 eng d a0-86720-015-4 cIIA Library a524.834bNAR aNarlikar, Jayant V 0aIntroduction to cosmologyc Jayant V Narlikar  aBostonbJones and Bartlett Publishersc1983 axv. 470p. aCosmology